00385cam a22001097a 4500008004000000082001500040100002600055245011300081260002900194300001000223650004200233180718b2012 xxu||||| |||| 00| 0 eng d aA38 Ag15/H aAgrawal, Padamchandra aAdhunik hindi kavita ki darshnik prishthabhoomi: Bharatendu se lekar San 1965 takcby Padama Chandra Agarwal aGhaziabadbSapekshc2012 a238p. aHindi poetry -- History and criticism